00433nam a2200169Ia 450000500170000000800410001704000190005804100120007708200130008910000210010224500540012326000260017730000220020365000120022570000160023785000100025320240613093419.0131103s9999 xx 000 0 und d aLoreto College aEnglish a574bFUT aFutehally, Laeeq aAbout Indian birdscLaeeq Futehally and Salim Ali aBombaybBlackiec1959 axiii,82p.b ills. aScience aAli, Salim  aLCBED